| 000 | 00916nam a2200229Ia 4500 | ||
|---|---|---|---|
| 000 | 01059naaa 00229uu | ||
| 001 | https://directory.doabooks.org/handle/20.500.12854/44361 | ||
| 005 | 20260218105452.0 | ||
| 008 | 211013s9999 xx 000 0 und d | ||
| 020 | _a9781350045453 | ||
| 024 | _a10.5040/9781350045453 | ||
| 042 | _adc | ||
| 245 | 2 | _aA Cultural History of Twin Beds | |
| 260 |
_bBloomsbury Academic _c2019 |
||
| 300 | _a1 electronic resource (296 p.) | ||
| 520 | _aThrough tracing the history of twin beds, this book reveals unexpected perspectives on the social and sexual mores of late 19th- and 20th Britain. | ||
| 540 | _aCreative Commons | ||
| 700 | 1 | _aHilary Hinds | |
| 856 |
_uhttps://docs.google.com/spreadsheets/d/1yKIrdCPDAG_9c22mwoOIO2DOhtj65Wqa/edit?usp=sharing&ouid=106555315294820607512&rtpof=true&sd=true _yList of Curated E-Books |
||
| 942 | _cE-BOOK | ||
| 999 |
_c43705 _d43705 |
||